000
00307nam a22001337a 4500
008
180912b xxu||||| |||| 00| 0 eng d
020
_a
9780873891516
041
_a
eng
080
_a
658
100
_a
54
101
_a
LID
245
_a
Creating a Customer-Centered Culture
_c
Lawton, R.L
942
_2
udc
_c
BK
999
_c
47712
_d
47712